000 005880000a22001930004500
090 _aAR
_b00137
245 1 0 _aReserva extrativistas e desenvolvimento sustentável na Amazónia
650 1 4 _aReservas extractivas
_919751
650 1 4 _aRecursos forestales
_992984
650 1 4 _aUso sostenible
_9344
650 1 4 _aDesarrollo rural
_992673
651 4 _pBrasil
_992749
041 0 _aPortugués
700 1 _aAnderson, Anthony B.
_914242
700 1 _aAlmeida, Mauro
_992989
100 1 _aAllegretti, Mary Helena
_992990
942 _cARTICULO
773 1 _tDestino da Floresta
_360
_q17-47
_d1994
999 _c9238
_d9238